Normal view MARC view
  • Álvarez Sousa, Antonio

Entry Nombre Personal

Number of records used in: 1

001 - NUMERO DE CONTROL

  • campo de control: 60152

003 - IDENTIFICADOR DE NUMERO DE CONTROL

  • campo de control: UPN

005 - FECHA Y HORA DE LA ÜLTIMA TRANSACCIÓN

  • campo de control: 20260629133604.0

008 - DATOS DE LONGITUD FIJA

  • campo de control de longitud fija: 260629|| ac|||aabn | a|a d

024 ## - OTROS IDENTIFICADORES NORMALIZADOS

  • Fuente: orcid
  • Número normalizado o código: https://orcid.org/0000-0002-8553-0208

040 ## - FUENTE DE CATALOGACIÓN

  • Agencia original de catalogación: MX-MxUPN

100 1# - ENCABEZAMIENTO - NOMBRE PERSONAL

  • Nombre personal: Álvarez Sousa, Antonio

370 ## - LUGAR ASOCIADO

  • Place of birth: España

371 ## - DIRECCIÓN

  • Electronic mail address: antonio.alvarez@udc.es

372 ## - CAMPO DE ACTIVIDAD

  • Field of activity: Sociología
  • Field of activity: Decano de la Facultad de Sociología.

373 ## - GRUPO ASOCIADO

  • Associated group: Universidad de Coruña

374 ## - OCUPACIÓN

  • Occupation: Docencia e investigación universitarias

500 ## - MENCIÓN DE REFERENCIA “VÉASE ADEMÁS”- NOMBRE DE PERSONA

  • Personal name: Álvarez Sousa, Antón

670 ## - FUENTE EN LA QUE SE LOCALIZARON DATOS

  • Cita de la fuente: En recurso en línea: REIS, No. 192 (2025)
  • Información localizada: (Antón Álvarez Sousa)
  • Uniform Resource Identifier: https://reis.cis.es/index.php/reis/article/view/2438/2964

902 ## - CATALOGADOR

  • Catalogador: Leonor Sotres/290626